000 00511nam a2200169 a 4500
005 20140412111324.0
008 001111s19uu xx 00 eng d
050 _aER
_bHa11 1993
100 _aAshworth, Julie
245 _aThe Hare and the Tortoise /
_cwritten by Julie Ashworth and John Clark.
260 _aLondon :
_bLinguaphone Institute Ltd,
_c1993.
300 _a24 p. ; ill.
440 _aChildren's English Storyboo,1
650 _aRaces -- stories
650 _aRaces -- Fiction
999 _c104485
_d104485